|
|
|
|
| LEADER |
00752nta a2200205 i 4500 |
| 001 |
dipl105008 |
| 005 |
20210127154730.0 |
| 008 |
210127s1990 hu om 0|| zxx d |
| 040 |
|
|
|a SZTE Diploma Repozitórium
|b hun
|
| 041 |
|
|
|a zxx
|
| 100 |
1 |
|
|a Debreceni Lászlóné
|
| 245 |
1 |
2 |
|a A mezőgazdasági nagyüzem kialakulása Túrkevén
|h [elektronikus dokumentum] /
|c Lászlóné Debreceni
|
| 260 |
|
|
|c 1990
|
| 650 |
|
4 |
|a Bölcsészettudományok
|
| 650 |
|
4 |
|a Social sciences
|
| 650 |
|
4 |
|a Media and communications
|
| 650 |
|
4 |
|a Media and socio-cultural communication
|
| 650 |
|
4 |
|a Cultural studies, cultural diversity
|
| 700 |
1 |
|
|a Galgóczi Anna
|e ths
|
| 856 |
4 |
0 |
|u http://diploma.bibl.u-szeged.hu/id/eprint/105008/1/1990_debreceni_laszlone.pdf
|z Dokumentum-elérés
|